Non Conventional Energy Sources (Record no. 74)
[ view plain ]
| 000 -LEADER | |
|---|---|
| fixed length control field | 00347nam a22001577a 4500 |
| 020 ## - INTERNATIONAL STANDARD BOOK NUMBER | |
| International Standard Book Number | 978-81-8360-181-8 |
| 041 ## - LANGUAGE CODE | |
| Language code of text/sound track or separate title | ENG |
| 100 ## - MAIN ENTRY--PERSONAL NAME | |
| Personal name | Prasad.R.K |
| 245 ## - TITLE STATEMENT | |
| Title | Non Conventional Energy Sources |
| 250 ## - EDITION STATEMENT | |
| Edition statement | 4 th Editon |
| 260 ## - PUBLICATION, DISTRIBUTION, ETC. (IMPRINT) | |
| Place of publication, distribution, etc | New Delhi |
| Name of publisher, distributor, etc | Jain Brothers |
| Date of publication, distribution, etc | 2014 |
| 300 ## - PHYSICAL DESCRIPTION | |
| Extent | 608 |
| 650 ## - SUBJECT ADDED ENTRY--TOPICAL TERM | |
| Topical term or geographic name as entry element | EOES |
| 700 ## - ADDED ENTRY--PERSONAL NAME | |
| Personal name | Ojha.T.P |
| 856 ## - ELECTRONIC LOCATION AND ACCESS | |
| Uniform Resource Identifier | EOES |
| Withdrawn status | Lost status | Source of classification or shelving scheme | Damaged status | Not for loan | Home library | Current library | Shelving location | Date acquired | Cost, normal purchase price | Total Checkouts | Barcode | Date last seen | Date checked out | Price effective from | Koha item type |
|---|---|---|---|---|---|---|---|---|---|---|---|---|---|---|---|
| Dewey Decimal Classification | College of Agricultural Engineering and Technology, Dapoli , Library | College of Agricultural Engineering and Technology, Dapoli , Library | General Stacks | 19/10/2020 | 250.00 | 2 | 007492 | 11/04/2023 | 20/03/2023 | 19/10/2020 | Books | ||||
| Dewey Decimal Classification | College of Agricultural Engineering and Technology, Dapoli , Library | College of Agricultural Engineering and Technology, Dapoli , Library | Book Cart | 30/08/2022 | 250.00 | 008053 | 30/08/2022 | 30/08/2022 | Books | ||||||
| Dewey Decimal Classification | College of Agricultural Engineering and Technology, Dapoli , Library | College of Agricultural Engineering and Technology, Dapoli , Library | Book Cart | 30/08/2022 | 250.00 | 008054 | 30/08/2022 | 30/08/2022 | Books |